00774nam a2200241 a 450000100060000000300080000600500170001400800410003103500190007204000270009104100080011808200220012624500620014826000460021030000260025650000200028250400560030265000500035865000280040865100490043670000250048571000220051063956BD-RjUL20211209081245.0170206s1990 ii b 101 0 eng  a(BD-RjUL)64086 aDLCcDLCdBD-RjULbeng aeng 223a337bSOU 199010aSouth Asia and world capitalism /cedited by Sugata Bose. aDelhi :bOxford University Press,cc1990. axii, 405 p. ;c23 cm. aIncludes index. aIncludes bibliographical references (p. [367]-392). 0aInternational economic relationsxCongresses. 0aCapitalismxCongresses. 0aSouth AsiaxEconomic conditionsxCongresses.1 aBose, Sugata,d1956-2 aTufts University.